000 00316nam a22001337a 4500
008 170411b xxu||||| |||| 00| 0 eng d
020 _a2900470128663
041 _aeng
080 _27TH
_a612.39
100 _a9
101 _aSHM
245 _aDESIGN AND ANALYSIS OF EXPERIMENTS
_cMONTGOMERY, D.C
942 _2udc
_cBK
999 _c10327
_d10327